00430pab a2200157 454500008004000000100002600040245004900066260000900115300001300124362001100137650002900148650002500177650002900202650002100231773002000252180718b2017 xxu||||| |||| 00| 0 eng d aTilak, Jandhyala B.G. aOn rejuvenating public universities in India c2017 ap.70-73. a30 Jan aHigher education - India aUniversities - India aPublic education - India aPublic education aUniversity News